00617nam a2200193 u 450000100100000000500170001000800410002704000130006808200180008110000300009924500890012926000580021830000180027650000220029450000320031665000330034865000190038165000230040000000333520260420170825.0090708s1998 dr r 001 0 spa d aDO-SdBNP a340.115bH5571 aHernández, Pedro Pablo.10aIntroducción al estudio de la sociología del derecho /cPedro Pablo Hernández. aSanto DomingofBÚHObUniversidad Nordestana,c1998. a310p ;c21cm. aContiene índice aIncluye datos biográficos 0aJurisprudencia sociológica 0aJurisprudencia 0aProblemas sociales